000 00297nam a22001337a 4500
008 171018b xxu||||| |||| 00| 0 eng d
020 _a9780071773997
041 _aeng
080 _a338
100 _a53
101 _aMEN
245 _aBUILDING A MAGNETIC CULTURE
_cSHERIDAN,K
942 _2udc
_cBK
999 _c34803
_d34803